Best-Selling Video Games of All Time - Statistics

General Stats
  • This quiz has been taken 266 times
  • The average score is 4 of 20
Answer Stats
Hint Answer % Correct
350 million copies sold Minecraft
86%
58 million copies sold Super Mario Bros.
72%
215 million copies sold Grand Theft Auto V
69%
77 million copies sold Red Dead Redemption 2
35%
83 million copies sold Wii Sports
32%
77.5 million copies sold Mario Kart 8 / Deluxe
21%
64 million copies sold Terraria
17%
41 million copies sold Call of Duty: Modern Warfare
14%
76.2 million copies sold Pokémon Red / Pokémon Blue / Pokémon Yellow
12%
43 million copies sold Call of Duty: Black Ops III
10%
50 million copies sold Overwatch
9%
70 million copies sold The Sims
9%
44 million copies sold Wii Fit / Wii Plus
8%
48.2 million copies sold Animal Crossing: New Horizons
7%
55 million copies sold Human: Fall Flat
2%
79 million copies sold Ark : Survival Evolved
1%
75 million copies sold PUBG: Battlegrounds
1%
65 million copies sold The Oregon Trail
1%
60 million copies sold The Witcher 3 : Wild Hunt
1%
50 million copies sold Bejeweled
0%
No matching quizzes found
Score Distribution
Percent of People with Each Score
Percentile by Number Answered
Your Score History
You have not taken this quiz